Выписки из документов С.Петербургского архива иностранных дел - разного содержания. /На франц. яз./

Доступно только в Электронных читальных залах Найти на картеНа карте
RUSMARC
00004433nac2a22002893x 450
001c0f876cb-1976-4cfd-8902-98f2631e1f92
00520211213201412.0
100##$a20211120l18051856k y0rusy50 ca
1010#$afre
$arus
102##$aRU
105##$ay z |||||
1222#$ad18050117
$ad18560207
2001#$aВыписки из документов С.Петербургского архива иностранных дел - разного содержания. /На франц. яз./
$j17 января 1805 - 07 февраля 1856
215##$a6 листов
251##$cДело
300##$aЗаголовок дела на папке: Выписки из документов Санкт-Петербургского архива иностранных дел - разного содержания
300##$aЧасть текста на французском языке
300##$aРукописный текст
330##$aВходит в раздел описи: 3. Документы о научной и литературной деятельности барона Шиллинга М. Ф.
461#0$1001ff9fc58f-089b-437b-980d-902343bc59d8
$12001
$aШиллинг Маврикий Фабианович, барон, секретарь русского посольства в Вене
$1251
$cФонд
$1852
$j813
462#0$1001665c067c-d934-4316-b9df-5bf0ad49190b
$12001
$aДела постоянного хранения. 1817-1917
$vД. 94
$1251
$cОпись
$1852
$j1
5171#$aВыписки из документов Санкт-Петербургского архива иностранных дел - разного содержания
600#1$aШиллинг
$bМ. Ф.
$cбарон
$gМаврикий Фабианович
60101$3RU\NLR\AUTH\8816875
$aРоссия
$bМинистерство иностранных дел
$bГосударственный и Петербургский главный архивы
801#0$aRU
$bGA_RF
801#1$aRU
$bГлавНИВЦ
$c20211120
$2rusmarc
801#2$aRU
$bПБ им. Б.Н. Ельцина
$c20211213
$gRCR
$2rusmarc
852##$aГА РФ
$j94
937##$d171548325
$hГАРФ
035##$aRuPRLIB51060981
856##$uhttp://readingroom.main.prlib.ru/item.aspx?id_node=n171548325&mode=full
Формат отображения